000 00244nam a2200109Ia 4500
005 20251222143143.0
008 251222s9999||||xx |||||||||||||| ||spa||
082 _a249.4/T76
100 _aTóth, Tihamér
245 0 _aEucaristía:
942 _cLIB
999 _c12401
_d12401